|
|
|
|
| LEADER |
01763cas a2200241 a 4500 |
| 001 |
AALejournalIMF001221 |
| 008 |
230101c9999 xx r poo 0 0eng d |
| 020 |
|
|
|c 5.00 USD
|
| 020 |
|
|
|z 9781451851502
|
| 022 |
|
|
|a 1018-5941
|
| 040 |
|
|
|a BD-DhAAL
|c BD-DhAAL
|
| 100 |
1 |
|
|a Mendez Morales, Armando.
|
| 245 |
1 |
0 |
|a Czech Koruna and Polish Zloty Currency Options :
|b Information Contnent and Eu-Accession Implications /
|c Armando Mendez Morales.
|
| 264 |
|
1 |
|a Washington, D.C. :
|b International Monetary Fund,
|c 2000.
|
| 300 |
|
|
|a 1 online resource (36 pages)
|
| 490 |
1 |
|
|a IMF Working Papers
|
| 500 |
|
|
|a <strong>Off-Campus Access:</strong> No User ID or Password Required
|
| 500 |
|
|
|a <strong>On-Campus Access:</strong> No User ID or Password Required
|
| 506 |
|
|
|a Electronic access restricted to authorized BRAC University faculty, staff and students
|
| 520 |
3 |
|
|a Currency option implied volatility predicts more efficiently exchange rate volatility for the Polish zloty relative to the Czech koruna, reflecting differences in the frequency of central bank intervention in the foreign exchange market. A GARCH model shows a positive impact of the introduction of the Euro on exchange rate volatility for the Polish zloty (negative for the Czech koruna), related to its larger exposure to external shocks. For countries in transition to Euro integration, the implied trade-off between isolation from shocks and efficient signaling must be addressed based on the risk of exchange rate misalignment at the time of monetary conversion.
|
| 538 |
|
|
|a Mode of access: Internet
|
| 830 |
|
0 |
|a IMF Working Papers; Working Paper ;
|v No. 2000/091
|
| 856 |
4 |
0 |
|z Full text available on IMF
|u http://elibrary.imf.org/view/journals/001/2000/091/001.2000.issue-091-en.xml
|z IMF e-Library
|